| 000 | 00650nam a2200229Ia 4500 | ||
|---|---|---|---|
| 005 | 20250319051110.0 | ||
| 008 | 240331s9999 xx 000 0 und d | ||
| 020 | _a0521485673 | ||
| 082 |
_a302.1 _bINT _22262 |
||
| 245 | 0 |
_aInteractive Minds: _bLife-Span Perspectives on the Social Foundation of Cognition |
|
| 260 |
_aCambridge; _aNew York; _aMelbourne, _bCambridge University Press _c1996 |
||
| 300 | _axii, 457 p., | ||
| 650 | _aDevelopment | ||
| 650 | _aEvolution | ||
| 650 | _aCulture | ||
| 650 | _aHistory | ||
| 650 | _aEducation | ||
| 650 | _aPsychology | ||
| 700 |
_aBaltes, P. B _eedt |
||
| 700 |
_aStaudinger, U. M _eedt |
||
| 942 | _cL | ||
| 999 |
_c1084 _d1084 |
||